[Event "Mar del Plata zt 2.5"]
[Site "Mar del Plata"]
[Date "2001.08.25"]
[Round "9"]
[White "Pierrot, Juan Facundo"]
[Black "Cubas, Jose Fernando"]
[Result "1-0"]
[WhiteElo "2425"]
[BlackElo "2290"]
[PlyCount "115"]
[EventDate "2001.08.25"]
[EventType "tourn"]
[EventRounds "10"]
[EventCountry "ARG"]
[EventCategory "6"]
[SourceTitle "EXT 2002"]
[Source "ChessBase"]
[SourceDate "2001.11.25"]
[SourceVersion "1"]
[SourceVersionDate "2001.11.25"]
[SourceQuality "1"]

1. e4 d5 2. exd5 Nf6 3. Bb5+ Bd7 4. Be2 Nxd5 5. d4 Bf5 6. Nf3 e6 7. O-O Be7 8.
c4 Nb4 9. Na3 O-O 10. Be3 N8c6 11. Qd2 Bf6 12. Rfd1 Qe7 13. Qc3 e5 14. d5 e4
15. Nd4 Nxd4 16. Bxd4 Bxd4 17. Qxd4 Rfd8 18. Qc3 Nd3 19. Nc2 Qg5 20. Bxd3 exd3
21. Nb4 c6 22. dxc6 bxc6 23. Nxd3 Bg4 24. Rdc1 Be2 25. Ne1 Qd2 26. b3 Qxc3 27.
Rxc3 Rd2 28. Rc2 Rad8 29. Rac1 Bd1 30. Rxd2 Rxd2 31. Rc3 Be2 32. Rc2 Rxc2 33.
Nxc2 c5 34. Ne1 a5 35. f3 a4 36. Kf2 Bd1 37. Ke3 axb3 38. axb3 Bxb3 39. Kd3 Kf8
40. Kc3 Ba4 41. Nd3 Ke7 42. Nxc5 Bc6 43. Kd4 h5 44. Nd3 h4 45. h3 g5 46. Kc5
Ba8 47. Kd4 Ke6 48. c5 Bb7 49. Nb4 Ba8 50. c6 f5 51. Kc5 Ke5 52. Nd3+ Ke6 53.
f4 gxf4 54. Nxf4+ Ke5 55. Ng6+ Ke6 56. Nxh4 f4 57. Nf3 Kf5 58. Kd6 1-0

[Event "Mar del Plata zt 2.5"]
[Site "Mar del Plata"]
[Date "2001.08.25"]
[Round "10"]
[White "Cubas, Jose Fernando"]
[Black "Fiorito, Fabian"]
[Result "1-0"]
[WhiteElo "2290"]
[BlackElo "2386"]
[PlyCount "127"]
[EventDate "2001.08.25"]
[EventType "tourn"]
[EventRounds "10"]
[EventCountry "ARG"]
[EventCategory "6"]
[SourceTitle "EXT 2002"]
[Source "ChessBase"]
[SourceDate "2001.11.25"]
[SourceVersion "1"]
[SourceVersionDate "2001.11.25"]
[SourceQuality "1"]

1. e4 c5 2. f4 e6 3. Nf3 a6 4. d3 Nc6 5. g3 d5 6. e5 Nge7 7. Bg2 Nf5 8. O-O h5
9. c3 Be7 10. Na3 b5 11. Nc2 Bb7 12. d4 g6 13. Be3 Nxe3 14. Nxe3 a5 15. h3 Ba6
16. Rf2 Qb6 17. Bf1 b4 18. Bxa6 Qxa6 19. Qa4 Kd8 20. Rd1 c4 21. b3 Kc8 22. bxc4
dxc4 23. Rc2 Rb8 24. Nxc4 Qxc4 25. cxb4 Qb5 26. Rxc6+ Kd7 27. Qxb5 Rxb5 28.
Rdc1 Ra8 29. Rc7+ Ke8 30. bxa5 Rbxa5 31. Rc8+ Rxc8 32. Rxc8+ Kd7 33. Rc2 Ra3
34. Kg2 Bd8 35. g4 hxg4 36. hxg4 Bb6 37. Kf2 Ke7 38. Rb2 Bc7 39. Ke2 Kd7 40.
Ng5 Rg3 41. Ne4 Ra3 42. Ng5 Rg3 43. Rb3 Rxg4 44. Kf3 Rg1 45. Nxf7 Rd1 46. Ke4
Rc1 47. Re3 Rd1 48. Ng5 Bd8 49. Nf3 Ra1 50. Re2 Ke8 51. Rg2 Kf7 52. d5 exd5+
53. Kxd5 Rf1 54. Ke4 Rb1 55. Rd2 Ba5 56. Rd6 Rb2 57. Ng5+ Kg7 58. Rd7+ Kg8 59.
e6 Bb4 60. Ke5 Kf8 61. Kf6 Kg8 62. Ne4 Re2 63. Nd6 Bc3+ 64. Ke7 1-0

[Event "Mar del Plata zt 2.5"]
[Site "Mar del Plata"]
[Date "2001.08.25"]
[Round "11"]
[White "Bauza, Alejandro"]
[Black "Cubas, Jose Fernando"]
[Result "1/2-1/2"]
[WhiteElo "2290"]
[BlackElo "2290"]
[PlyCount "117"]
[EventDate "2001.08.25"]
[EventType "tourn"]
[EventRounds "10"]
[EventCountry "ARG"]
[EventCategory "6"]
[SourceTitle "EXT 2002"]
[Source "ChessBase"]
[SourceDate "2001.11.25"]
[SourceVersion "1"]
[SourceVersionDate "2001.11.25"]
[SourceQuality "1"]

1. e4 d5 2. exd5 Nf6 3. c4 e6 4. Nc3 exd5 5. d4 Be7 6. Bd3 dxc4 7. Bxc4 O-O 8.
Nge2 Nc6 9. a3 Bf5 10. Be3 Qd7 11. Ng3 Bg6 12. Qd2 Rad8 13. Rd1 Qc8 14. Qe2 h5
15. h4 Bd6 16. Qf3 Qg4 17. Qxg4 Nxg4 18. Nge4 Rfe8 19. Nxd6 Rxd6 20. O-O Rxe3
21. fxe3 Nxe3 22. Nb5 Rd7 23. Be2 Nxd1 24. Rxd1 a6 25. d5 Ne7 26. Nxc7 Rxc7 27.
d6 Rd7 28. dxe7 Rxe7 29. Rd8+ Kh7 30. Bf3 Re1+ 31. Kf2 Rb1 32. b4 Rb2+ 33. Kg1
Rb3 34. Bxb7 Rxa3 35. Rd6 Ra4 36. Rb6 Bd3 37. Bd5 f6 38. Bb3 Ra3 39. Bd5 Kg6
40. Bf3 Kf5 41. Bxh5 Kf4 42. Kh2 Be4 43. Be2 Ra2 44. Bf1 Ke3 45. Rxa6 Rb2 46.
b5 Kf2 47. Bc4 Bxg2 48. Ra2 Rxa2 49. Bxa2 f5 50. Be6 f4 51. Bd7 Bb7 52. Bc6 Bc8
53. b6 Ke3 54. b7 Bxb7 55. Bxb7 Kd4 56. Kh3 Ke5 57. Kg4 Kf6 58. Be4 g6 59. Kxf4
1/2-1/2

[Event "WchT U20 4th"]
[Site "Rio de Janeiro"]
[Date "2001.10.10"]
[Round "1"]
[White "Miton, Kamil"]
[Black "Cubas, Jose Fernando"]
[Result "1-0"]
[WhiteElo "2518"]
[BlackElo "2302"]
[PlyCount "71"]
[EventDate "2001.10.06"]
[EventType "team"]
[EventRounds "5"]
[EventCountry "BRA"]
[SourceTitle "CBM 084 Extra"]
[Source "ChessBase"]
[SourceDate "2001.10.26"]
[SourceVersion "1"]
[SourceVersionDate "2001.10.26"]
[SourceQuality "1"]

1. d4 d5 2. c4 c6 3. Nf3 Nf6 4. e3 a6 5. Bd3 e6 6. O-O Be7 7. Nbd2 b5 8. b3
Nbd7 9. e4 bxc4 10. bxc4 dxc4 11. Nxc4 c5 12. Bd2 Bb7 13. e5 Ne4 14. Ba5 Qc8
15. Re1 cxd4 16. Rxe4 Bxe4 17. Bxe4 Qxc4 18. Bxa8 O-O 19. Be4 Qc5 20. Qxd4 Qxa5
21. Qxd7 Bc5 22. Qd3 Rd8 23. Qe2 g5 24. h3 h5 25. g4 hxg4 26. hxg4 Kg7 27. Kg2
f5 28. exf6+ Kxf6 29. Qb2+ Bd4 30. Nxd4 Qe5 31. Re1 Rxd4 32. Qe2 Rd8 33. Qf3+
Kg7 34. Rh1 Rf8 35. Qd3 Qc5 36. Qd7+ 1-0

[Event "WchT U20 4th"]
[Site "Rio de Janeiro"]
[Date "2001.10.14"]
[Round "5"]
[White "Cubas, Jose Fernando"]
[Black "Gastiaburo, Hernan"]
[Result "0-1"]
[WhiteElo "2302"]
[BlackElo "2244"]
[PlyCount "67"]
[EventDate "2001.10.06"]
[EventType "team"]
[EventRounds "5"]
[EventCountry "BRA"]
[SourceTitle "CBM 084 Extra"]
[Source "ChessBase"]
[SourceDate "2001.10.26"]
[SourceVersion "1"]
[SourceVersionDate "2001.10.26"]
[SourceQuality "1"]

1. e4 c5 2. Nf3 e6 3. d4 cxd4 4. Nxd4 Nf6 5. Nc3 d6 6. Be3 a6 7. f3 Nc6 8. Qd2
Be7 9. O-O-O O-O 10. g4 Nxd4 11. Bxd4 b5 12. Kb1 Nd7 13. h4 b4 14. Ne2 a5 15.
g5 Ne5 16. Qe3 Nc4 17. Qf2 Qc7 18. Nf4 a4 19. Bxc4 Qxc4 20. b3 Qa6 21. Rhg1 Re8
22. Ba1 Bf8 23. h5 d5 24. g6 fxg6 25. hxg6 hxg6 26. Rgf1 Bb7 27. Nd3 Red8 28.
Ne5 axb3 29. cxb3 Bc5 30. Bd4 Bxd4 31. Rxd4 dxe4 32. Nd7 Bd5 33. Nc5 Qa5 34.
fxe4 0-1

[Event "ESP-ch op-A"]
[Site "Cala Mendia"]
[Date "2001.11.18"]
[Round "2"]
[White "Garcia Carbo, Marcial"]
[Black "Cubas Pons, Juan Miguel"]
[Result "0-1"]
[WhiteElo "2360"]
[BlackElo "2260"]
[PlyCount "46"]
[EventDate "2001.11.17"]
[EventType "swiss"]
[EventRounds "9"]
[EventCountry "ESP"]
[SourceTitle "CBM 085 Extra"]
[Source "ChessBase"]
[SourceDate "2002.01.21"]
[SourceVersion "1"]
[SourceVersionDate "2002.01.21"]
[SourceQuality "1"]

1. e4 e6 2. d4 d5 3. Nd2 Nf6 4. e5 Ne4 5. Bd3 Nxd2 6. Bxd2 c5 7. Qg4 Qb6 8.
O-O-O Nc6 9. dxc5 Qxc5 10. Nf3 Bd7 11. a3 O-O-O 12. Qf4 Be8 13. Ng5 Be7 14.
Nxh7 d4 15. Rhe1 Rd5 16. b4 Qb6 17. Bc4 Ra5 18. Ng5 Rxa3 19. Nxf7 Bxb4 20.
Bxe6+ Kb8 21. Bb3 Bc3 22. Bxc3 dxc3 23. e6+ Ka8 0-1

[Event "ESP-ch op-A"]
[Site "Cala Mendia"]
[Date "2001.11.19"]
[Round "3"]
[White "Cubas Pons, Juan Miguel"]
[Black "Estremera Panos, Sergio"]
[Result "0-1"]
[WhiteElo "2260"]
[BlackElo "2401"]
[PlyCount "94"]
[EventDate "2001.11.17"]
[EventType "swiss"]
[EventRounds "9"]
[EventCountry "ESP"]
[SourceTitle "CBM 085 Extra"]
[Source "ChessBase"]
[SourceDate "2002.01.21"]
[SourceVersion "1"]
[SourceVersionDate "2002.01.21"]
[SourceQuality "1"]

1. e4 c5 2. Nf3 Nc6 3. d4 cxd4 4. Nxd4 Nf6 5. Nc3 d6 6. Bg5 e6 7. Qd2 Be7 8.
O-O-O O-O 9. f3 a6 10. h4 Nxd4 11. Qxd4 Qc7 12. Kb1 b5 13. g4 b4 14. Ne2 Bb7
15. Be3 Rac8 16. Qd2 Nxe4 17. Qd3 Nc5 18. Bxc5 Qxc5 19. Nd4 Bf6 20. Nb3 Qe5 21.
Nd4 Rc5 22. g5 Qxd4 23. Qxd4 Bxd4 24. Rxd4 Bxf3 25. Rh3 Rd5 26. Rxd5 Bxd5 27.
Bxa6 Ra8 28. Be2 Bxa2+ 29. Kc1 Bd5 30. Bf3 Bxf3 31. Rxf3 h6 32. gxh6 gxh6 33.
Rb3 Ra4 34. Kd2 f5 35. Kd3 Kf7 36. Kc4 f4 37. Rf3 e5 38. Kb3 Ra8 39. Kxb4 Rb8+
40. Kc3 Ke6 41. Rf1 d5 42. b3 Kf5 43. Rg1 f3 44. Kd3 Kf4 45. Rg6 e4+ 46. Kd2
e3+ 47. Ke1 Ra8 0-1

[Event "ESP-ch op-A"]
[Site "Cala Mendia"]
[Date "2001.11.20"]
[Round "4"]
[White "Campos Gambuti, Luis Maria"]
[Black "Cubas Pons, Juan Miguel"]
[Result "0-1"]
[WhiteElo "2421"]
[BlackElo "2260"]
[PlyCount "62"]
[EventDate "2001.11.17"]
[EventType "swiss"]
[EventRounds "9"]
[EventCountry "ESP"]
[SourceTitle "CBM 085 Extra"]
[Source "ChessBase"]
[SourceDate "2002.01.21"]
[SourceVersion "1"]
[SourceVersionDate "2002.01.21"]
[SourceQuality "1"]

1. e4 e6 2. Qe2 c5 3. Nf3 Nc6 4. g3 g6 5. Nc3 d6 6. e5 dxe5 7. Nxe5 Nd4 8. Qd1
Bg7 9. Nc4 b5 10. Bg2 Ba6 11. Ne4 bxc4 12. c3 Rb8 13. Nxc5 Bb5 14. cxd4 Qxd4
15. Ne4 Ne7 16. Nc3 Bc6 17. O-O Bxg2 18. Kxg2 O-O 19. Re1 Rfd8 20. Qf3 Nf5 21.
b3 cxb3 22. axb3 Rxb3 23. Ra4 Qd7 24. Ree4 Nd4 25. Qd1 Qb7 26. f3 Nf5 27. Rxa7
Qb8 28. Rea4 Rxc3 29. Ra8 Qd6 30. Ba3 Ne3+ 31. Kh3 Rxa3 0-1

[Event "ESP-ch op-A"]
[Site "Cala Mendia"]
[Date "2001.11.21"]
[Round "5"]
[White "Cubas Pons, Juan Miguel"]
[Black "Garcia Castro, Pablo"]
[Result "1/2-1/2"]
[WhiteElo "2260"]
[BlackElo "2280"]
[PlyCount "74"]
[EventDate "2001.11.17"]
[EventType "swiss"]
[EventRounds "9"]
[EventCountry "ESP"]
[SourceTitle "CBM 085 Extra"]
[Source "ChessBase"]
[SourceDate "2002.01.21"]
[SourceVersion "1"]
[SourceVersionDate "2002.01.21"]
[SourceQuality "1"]

1. e4 g6 2. d4 Bg7 3. g3 c6 4. Bg2 d6 5. Ne2 Nf6 6. O-O O-O 7. Nbc3 Nbd7 8. h3
Qc7 9. Bg5 e5 10. a4 Re8 11. Qd2 exd4 12. Nxd4 Nc5 13. Rfe1 a5 14. Rad1 Qb6 15.
Bf4 Rd8 16. g4 Qxb2 17. Rb1 Qa3 18. Re3 Ne8 19. Nde2 Ne6 20. Bg3 Qc5 21. Kh2 h5
22. f4 hxg4 23. hxg4 Nd4 24. Nxd4 Qxd4 25. Rd3 Qc4 26. e5 Bxg4 27. Rxb7 d5 28.
Ne4 Bf5 29. Rd4 Qa2 30. Ng5 Rd7 31. Rxd7 Bxd7 32. Rxd5 cxd5 33. Bxd5 Qxa4 34.
Bxa8 Nc7 35. Bg2 Bf8 36. Qc3 Ne6 37. Ne4 Be7 1/2-1/2

[Event "ESP-ch op-A"]
[Site "Cala Mendia"]
[Date "2001.11.22"]
[Round "6"]
[White "Rodriguez Lopez, Rafael"]
[Black "Cubas Pons, Juan Miguel"]
[Result "1/2-1/2"]
[WhiteElo "2299"]
[BlackElo "2260"]
[PlyCount "94"]
[EventDate "2001.11.17"]
[EventType "swiss"]
[EventRounds "9"]
[EventCountry "ESP"]
[SourceTitle "CBM 085 Extra"]
[Source "ChessBase"]
[SourceDate "2002.01.21"]
[SourceVersion "1"]
[SourceVersionDate "2002.01.21"]
[SourceQuality "1"]

1. Nf3 d5 2. c4 c6 3. e3 Nf6 4. Nc3 e6 5. Qc2 Nbd7 6. b3 Bd6 7. d4 O-O 8. Be2
Qe7 9. O-O h6 10. Rd1 dxc4 11. bxc4 e5 12. a4 b6 13. a5 bxa5 14. Rxa5 Bb4 15.
Ra2 c5 16. dxe5 Nxe5 17. Nd5 Nxd5 18. cxd5 Rd8 19. Nxe5 Qxe5 20. Bb2 Qe7 21. e4
Bb7 22. Bc4 a5 23. e5 Qg5 24. Qd3 a4 25. Ba1 a3 26. Re2 Bc8 27. Re3 Bf5 28. Qb3
a2 29. Rg3 Bg4 30. Qb2 Qf4 31. Be2 Bxe2 32. Qxe2 Ra7 33. h3 Qf5 34. Qb2 Qd7 35.
Qc2 Qb5 36. Qe4 c4 37. Rg4 c3 38. Qxb4 Qxb4 39. Rxb4 c2 40. Rc1 Rxd5 41. Rd4
Rb5 42. Rc4 Rd7 43. R4xc2 Rb1 44. Kf1 Rd1+ 45. Rxd1 Rxd1+ 46. Ke2 Rxa1 47. Rc8+
Kh7 1/2-1/2

[Event "ESP-ch op-A"]
[Site "Cala Mendia"]
[Date "2001.11.23"]
[Round "7"]
[White "Cubas Pons, Juan Miguel"]
[Black "Moreno Ruiz, Javier"]
[Result "1-0"]
[WhiteElo "2260"]
[BlackElo "2416"]
[PlyCount "96"]
[EventDate "2001.11.17"]
[EventType "swiss"]
[EventRounds "9"]
[EventCountry "ESP"]
[SourceTitle "CBM 085 Extra"]
[Source "ChessBase"]
[SourceDate "2002.01.21"]
[SourceVersion "1"]
[SourceVersionDate "2002.01.21"]
[SourceQuality "1"]

1. e4 e6 2. d4 d5 3. Nc3 Bb4 4. e5 c5 5. a3 Bxc3+ 6. bxc3 Ne7 7. Nf3 Bd7 8. Bd3
Qa5 9. Bd2 c4 10. Bf1 Nbc6 11. g3 h6 12. h4 O-O-O 13. Bh3 f5 14. h5 Rdf8 15.
Nh4 Be8 16. O-O g5 17. hxg6 Nxg6 18. Nxg6 Bxg6 19. a4 Nd8 20. Qc1 h5 21. Qa3 h4
22. Bg5 hxg3 23. f4 Rf7 24. Kg2 Rfh7 25. Rh1 Bh5 26. Kxg3 Bf3 27. Kxf3 Rxh3+
28. Kg2 Rxc3 29. Rxh8 Rxa3 30. Rxa3 Qd2+ 31. Kh3 Qc1 32. Rxd8+ Kc7 33. Be7 Qh1+
34. Kg3 Qg1+ 35. Kh3 Qg4+ 36. Kh2 Qe2+ 37. Kg1 Qd1+ 38. Kg2 Qxc2+ 39. Kh3 Qe4
40. Kh4 Qxf4+ 41. Kh5 Qxd4 42. Bg5 c3 43. Re8 Qxe5 44. Re7+ Kc6 45. Re8 d4 46.
Rc8+ Kd7 47. Rf8 Qc5 48. Rf7+ Ke8 1-0

[Event "ESP-ch op-A"]
[Site "Cala Mendia"]
[Date "2001.11.24"]
[Round "8"]
[White "Roiz Baztan, David"]
[Black "Cubas Pons, Juan Miguel"]
[Result "1-0"]
[WhiteElo "2344"]
[BlackElo "2260"]
[PlyCount "59"]
[EventDate "2001.11.17"]
[EventType "swiss"]
[EventRounds "9"]
[EventCountry "ESP"]
[SourceTitle "CBM 085 Extra"]
[Source "ChessBase"]
[SourceDate "2002.01.21"]
[SourceVersion "1"]
[SourceVersionDate "2002.01.21"]
[SourceQuality "1"]

1. e4 e6 2. d4 d5 3. Nc3 Nf6 4. Bg5 Bb4 5. e5 h6 6. Bd2 Bxc3 7. bxc3 Ne4 8. Qg4
Kf8 9. h4 c5 10. Bd3 Nc6 11. Nf3 Nxd2 12. Kxd2 Qa5 13. Qf4 Bd7 14. Rhb1 cxd4
15. Rxb7 Qxc3+ 16. Ke2 Ke7 17. Rab1 Rhb8 18. g4 Rxb7 19. Rxb7 Rf8 20. g5 h5 21.
g6 Kd8 22. gxf7 Kc8 23. Rb3 Qa5 24. Ng5 Nd8 25. Qxd4 Nxf7 26. Qf4 Be8 27. Nxe6
Rg8 28. Nd4 Nh6 29. e6 Qc7 30. Ba6+ 1-0

[Event "ESP-ch op-A"]
[Site "Cala Mendia"]
[Date "2001.11.25"]
[Round "9"]
[White "Cubas Pons, Juan Miguel"]
[Black "Mundet Riera, Jaume"]
[Result "1/2-1/2"]
[WhiteElo "2260"]
[BlackElo "2158"]
[PlyCount "57"]
[EventDate "2001.11.17"]
[EventType "swiss"]
[EventRounds "9"]
[EventCountry "ESP"]
[SourceTitle "CBM 085 Extra"]
[Source "ChessBase"]
[SourceDate "2002.01.21"]
[SourceVersion "1"]
[SourceVersionDate "2002.01.21"]
[SourceQuality "1"]

1. e4 e5 2. Nf3 d6 3. d4 Nd7 4. Nc3 Ngf6 5. Be2 Be7 6. O-O O-O 7. h3 c6 8. Be3
Re8 9. a4 Bf8 10. dxe5 dxe5 11. Bc4 h6 12. a5 Qc7 13. Nh4 Nc5 14. Qf3 Be6 15.
Be2 Ncd7 16. Nf5 Bxf5 17. Qxf5 b5 18. axb6 axb6 19. Bc4 b5 20. Bb3 b4 21. Qg6
Nc5 22. Bxc5 Bxc5 23. Ne2 Kf8 24. Qf5 Rxa1 25. Rxa1 Rd8 26. Ng3 Rd2 27. Ra8+
Ke7 28. Rc8 Qd6 29. Nh1 1/2-1/2

[Event "Valle d'Aosta op 10th"]
[Site "Saint Vincent"]
[Date "2002.02.09"]
[Round "1"]
[White "Cubas Pons, Juan Miguel"]
[Black "Epishin, Vladimir"]
[Result "0-1"]
[WhiteElo "2260"]
[BlackElo "2599"]
[PlyCount "136"]
[EventDate "2002.02.09"]
[EventType "swiss"]
[EventRounds "9"]
[EventCountry "ITA"]
[SourceTitle "CBM 086 Extra"]
[Source "ChessBase"]
[SourceDate "2002.03.14"]
[SourceVersion "1"]
[SourceVersionDate "2002.03.14"]
[SourceQuality "1"]

1. e4 c5 2. Nf3 e6 3. d4 cxd4 4. Nxd4 a6 5. Nc3 b5 6. Bd3 Qb6 7. Nb3 Qc7 8. O-O
d6 9. f4 Nd7 10. a4 b4 11. Ne2 Ngf6 12. Qe1 Bb7 13. Qxb4 d5 14. Qa5 Qxa5 15.
Nxa5 dxe4 16. Nxb7 exd3 17. cxd3 Bb4 18. Be3 Nd5 19. Bf2 Rb8 20. Rac1 O-O 21.
Nc5 Nxc5 22. Bxc5 Bxc5+ 23. Rxc5 Rxb2 24. Nc3 Rc2 25. Ne4 Ra2 26. Nc3 Rc2 27.
Ne4 Rc8 28. d4 R8xc5 29. Nxc5 a5 30. f5 e5 31. Re1 f6 32. Nb3 Rc3 33. Rb1 e4
34. Nxa5 e3 35. Nb3 Rc2 36. Re1 Ra2 37. Nc5 h5 38. Kf1 h4 39. Re2 Ra3 40. Re1
Ne7 41. Ke2 Nxf5 42. Kf3 Kf7 43. Ke4 g6 44. Re2 Ra1 45. Rb2 Rd1 46. Nb3 Rh1 47.
a5 Rxh2 48. a6 h3 49. a7 hxg2 50. Rxg2 e2 51. Rg1 Rh8 52. Na5 Ra8 53. Nc6 Ne7
54. Nxe7 Kxe7 55. Re1 Rxa7 56. Rxe2 f5+ 57. Ke5 Kf7 58. Kd6 g5 59. d5 g4 60.
Rh2 Kf6 61. Rh6+ Kg5 62. Rh8 Rg7 63. Ke6 g3 64. d6 f4 65. Ke5 f3 66. d7 Rxd7
67. Rg8+ Kh4 68. Kf4 Rf7+ 0-1

[Event "Baleares-ch"]
[Site "Menorca"]
[Date "2002.03.25"]
[Round "1"]
[White "Mascaro March, Pedro"]
[Black "Cubas Pons, Juan Miguel"]
[Result "1/2-1/2"]
[WhiteElo "2358"]
[BlackElo "2260"]
[PlyCount "92"]
[EventDate "2002.03.25"]
[EventType "tourn"]
[EventRounds "7"]
[EventCountry "ESP"]
[SourceTitle "EXT 2003"]
[Source "ChessBase"]
[SourceDate "2002.11.25"]
[SourceVersion "1"]
[SourceVersionDate "2002.11.25"]
[SourceQuality "1"]
[BlackTeam "Spain III"]
[BlackTeamCountry "ESP"]

1. d4 d5 2. c4 e6 3. Nc3 c6 4. Nf3 dxc4 5. e3 b5 6. a4 Bb4 7. Bd2 a5 8. axb5
Bxc3 9. Bxc3 cxb5 10. b3 Bb7 11. d5 Nf6 12. bxc4 b4 13. Bxf6 Qxf6 14. Qa4+ Nd7
15. Nd4 e5 16. Nb3 Ke7 17. Be2 Rhc8 18. O-O Nc5 19. Nxc5 Rxc5 20. f4 Rd8 21.
Rad1 Kf8 22. Qa1 exf4 23. Qxf6 gxf6 24. Rxf4 Rd6 25. Rb1 Ba6 26. Kf2 Rb6 27.
Ke1 Ke7 28. Kd2 a4 29. Bd3 a3 30. Kc2 Ra5 31. Rff1 f5 32. Rxf5 a2 33. d6+ Rxd6
34. Rxa5 axb1=Q+ 35. Kxb1 Rxd3 36. Rxa6 Rxe3 37. Rh6 Re2 38. g3 f6 39. Rxh7+
Kd6 40. Rh5 Rf2 41. Rd5+ Kc6 42. h4 Rg2 43. h5 Rxg3 44. Kb2 Rh3 45. Rf5 Kb6 46.
h6 Kc6 1/2-1/2

[Event "Baleares-ch"]
[Site "Menorca"]
[Date "2002.03.26"]
[Round "2"]
[White "Cubas Pons, Juan Miguel"]
[Black "Tattersall Rodriguez, Lester Antonio"]
[Result "1-0"]
[WhiteElo "2260"]
[BlackElo "2370"]
[PlyCount "77"]
[EventDate "2002.03.25"]
[EventType "tourn"]
[EventRounds "7"]
[EventCountry "ESP"]
[SourceTitle "EXT 2003"]
[Source "ChessBase"]
[SourceDate "2002.11.25"]
[SourceVersion "1"]
[SourceVersionDate "2002.11.25"]
[SourceQuality "1"]
[WhiteTeam "Spain III"]
[WhiteTeamCountry "ESP"]

1. c4 g6 2. Nc3 Bg7 3. g3 d6 4. Bg2 e5 5. Nf3 Nf6 6. O-O O-O 7. d3 Nc6 8. Rb1
a5 9. Bg5 h6 10. Bxf6 Qxf6 11. a3 Bg4 12. Nd2 h5 13. b4 axb4 14. axb4 h4 15. b5
Nd4 16. Bxb7 Ra3 17. Nb3 e4 18. h3 hxg3 19. fxg3 Qe5 20. Rf4 Nxe2+ 21. Nxe2
exd3 22. hxg4 dxe2 23. Qe1 Qe3+ 24. Kg2 Bc3 25. Rf3 Qxf3+ 26. Bxf3 Bxe1 27.
Rxe1 Rxb3 28. Rxe2 Rxf3 29. Kxf3 Ra8 30. Re7 Rc8 31. Ke3 Kf8 32. Re4 Re8 33. g5
Rxe4+ 34. Kxe4 Ke7 35. Kd5 Kd7 36. g4 Kc8 37. Kc6 Kd8 38. b6 cxb6 39. Kxd6 1-0

[Event "Baleares-ch"]
[Site "Menorca"]
[Date "2002.03.28"]
[Round "4"]
[White "Cubas Pons, Juan Miguel"]
[Black "Villalonga Coll, Jaume"]
[Result "1-0"]
[WhiteElo "2260"]
[BlackElo "2014"]
[PlyCount "69"]
[EventDate "2002.03.25"]
[EventType "tourn"]
[EventRounds "7"]
[EventCountry "ESP"]
[SourceTitle "EXT 2003"]
[Source "ChessBase"]
[SourceDate "2002.11.25"]
[SourceVersion "1"]
[SourceVersionDate "2002.11.25"]
[SourceQuality "1"]
[WhiteTeam "Spain III"]
[WhiteTeamCountry "ESP"]

1. d4 d5 2. c4 e6 3. Nf3 f5 4. g3 Nf6 5. Bg2 c6 6. Qc2 Bd6 7. b3 Qe7 8. O-O O-O
9. a4 a5 10. Ba3 Bxa3 11. Nxa3 Na6 12. Ne5 Nb4 13. Qd2 Bd7 14. c5 Be8 15. f3
Nd7 16. Nxd7 Bxd7 17. e4 e5 18. exd5 cxd5 19. dxe5 Qxc5+ 20. Kh1 d4 21. f4 Rac8
22. Bxb7 Bc6+ 23. Bxc6 Qxc6+ 24. Qg2 Qxg2+ 25. Kxg2 Nc2 26. Nxc2 Rxc2+ 27. Rf2
Rfc8 28. Rd1 Rxf2+ 29. Kxf2 Rd8 30. Ke2 Kf7 31. Kd3 Rc8 32. Rb1 Rd8 33. b4 Ke6
34. b5 Kd5 35. b6 1-0

[Event "Baleares-ch"]
[Site "Menorca"]
[Date "2002.03.29"]
[Round "5"]
[White "Segura Ariza, Jose Luis"]
[Black "Cubas Pons, Juan Miguel"]
[Result "1-0"]
[WhiteElo "2208"]
[BlackElo "2260"]
[PlyCount "67"]
[EventDate "2002.03.25"]
[EventType "tourn"]
[EventRounds "7"]
[EventCountry "ESP"]
[SourceTitle "EXT 2003"]
[Source "ChessBase"]
[SourceDate "2002.11.25"]
[SourceVersion "1"]
[SourceVersionDate "2002.11.25"]
[SourceQuality "1"]
[BlackTeam "Spain III"]
[BlackTeamCountry "ESP"]

1. d4 d5 2. Nf3 Nf6 3. g3 Bg4 4. Ne5 Bf5 5. c4 c6 6. Nc3 e6 7. Bg2 Nbd7 8. Nxd7
Qxd7 9. Qb3 Be7 10. O-O O-O 11. Bg5 h6 12. Bf4 dxc4 13. Qxc4 Nd5 14. Rad1 Nxf4
15. gxf4 Rac8 16. e3 a5 17. Ne4 b5 18. Nc5 Qa7 19. Qc3 Rfd8 20. Rc1 Bd6 21. a3
a4 22. Rfd1 Qe7 23. Nd3 f6 24. Nb4 Qf7 25. e4 Bg4 26. f3 Bh5 27. e5 Bf8 28.
Nxc6 Qd7 29. Qa5 Re8 30. Qxb5 Rb8 31. Qe2 Rec8 32. d5 Rb3 33. dxe6 Qxe6 34. Nd4
1-0

[Event "Asuncion 1st"]
[Site "Asuncion"]
[Date "2002.04.08"]
[Round "1"]
[White "Cubas, Jose Fernando"]
[Black "Butti, Enrique"]
[Result "1-0"]
[WhiteElo "2369"]
[BlackElo "2238"]
[PlyCount "73"]
[EventDate "2002.04.08"]
[EventType "tourn"]
[EventRounds "11"]
[EventCountry "PAR"]
[EventCategory "4"]
[SourceTitle "CBM 087 Extra"]
[Source "ChessBase"]
[SourceDate "2002.05.03"]
[SourceVersion "2"]
[SourceVersionDate "2002.08.09"]
[SourceQuality "1"]

1. e4 d6 2. d4 Nf6 3. Nc3 g6 4. Be2 Bg7 5. Be3 O-O 6. g4 c5 7. g5 Nfd7 8. Nf3
cxd4 9. Nxd4 Nc6 10. h4 Nxd4 11. Bxd4 Bxd4 12. Qxd4 Qb6 13. Qd2 e6 14. O-O-O
Qxf2 15. Qxd6 Qc5 16. Qh2 Qe5 17. Qh3 Nc5 18. Qg4 b5 19. a3 Rb8 20. h5 b4 21.
axb4 Rxb4 22. Qh4 Qg7 23. hxg6 fxg6 24. Rhf1 Rxf1 25. Bxf1 Bd7 26. Bb5 Qe7 27.
Bxd7 Nxd7 28. Qf4 Rb7 29. e5 Qg7 30. Qc4 Nf8 31. Qe2 Nd7 32. Ne4 Qxe5 33. Nf6+
Kh8 34. Qxe5 Nxe5 35. Rd8+ Kg7 36. Ne8+ Kf8 37. Nd6+ 1-0

[Event "Asuncion 1st"]
[Site "Asuncion"]
[Date "2002.04.09"]
[Round "2"]
[White "Peralta, Eduardo"]
[Black "Cubas, Jose Fernando"]
[Result "1-0"]
[WhiteElo "2302"]
[BlackElo "2369"]
[PlyCount "153"]
[EventDate "2002.04.08"]
[EventType "tourn"]
[EventRounds "11"]
[EventCountry "PAR"]
[EventCategory "4"]
[SourceTitle "CBM 087 Extra"]
[Source "ChessBase"]
[SourceDate "2002.05.03"]
[SourceVersion "2"]
[SourceVersionDate "2002.08.09"]
[SourceQuality "1"]

1. e4 c5 2. Nf3 a6 3. Nc3 b5 4. d4 cxd4 5. Nxd4 Bb7 6. Bd3 g6 7. O-O Bg7 8. Be3
d6 9. a4 e5 10. Nb3 b4 11. Ne2 Nf6 12. Qd2 Nc6 13. a5 O-O 14. h3 d5 15. Nc5 Bc8
16. exd5 Qxd5 17. c4 Qd8 18. Rfd1 Rb8 19. Qc2 Qc7 20. Nb3 e4 21. Bxe4 Nxe4 22.
Qxe4 Bf5 23. Qf3 Ne5 24. Qg3 Bc2 25. Rdc1 Bd3 26. Nf4 Bxc4 27. Nd2 Rfc8 28. b3
Nf3+ 29. Qxf3 Bxa1 30. Rxa1 Qe5 31. Rc1 Be6 32. Rf1 Rc3 33. Nxe6 fxe6 34. Bf4
Qb5 35. Qe4 Re8 36. Be5 Rc5 37. Bd4 Rd5 38. Nc4 e5 39. Be3 Red8 40. f4 exf4 41.
Qe6+ Kg7 42. Qe7+ Kg8 43. Rxf4 Qd7 44. Qxd7 R8xd7 45. Rf6 Rd1+ 46. Kh2 Rb1 47.
Bh6 Rd8 48. Nd2 Rb2 49. Rxa6 Rdxd2 50. Bxd2 Rxd2 51. Ra8+ Kg7 52. a6 Ra2 53. a7
Ra3 54. Kg1 Kh6 55. g3 Ra2 56. Kf1 Kg5 57. Ke1 h6 58. Kf1 Kh5 59. Ke1 Kg5 60.
Kd1 Kh5 61. Kc1 Kg5 62. Kb1 Ra6 63. Kb2 Ra5 64. Rb8 Rxa7 65. Rb5+ Kf6 66. Rxb4
Kf5 67. Rc4 Re7 68. b4 Re2+ 69. Kb3 Ke5 70. Rc3 Kd4 71. b5 Re1 72. Kb4 Rb1+ 73.
Rb3 Rc1 74. b6 Rc8 75. b7 Rb8 76. Ka5 Kc5 77. Ka6 1-0